000 00223nam a2200097Ia 4500
008 120527s9999 xx 000 0 und d
100 _aGILSTER,Paul.
245 _aFinding it on the internet.
260 _bWiley
942 _cBK
999 _c23943
_d23943